000 00384nam a2200133Ia 4500
008 130318s9999 xx 000 0 und d
020 _a007053070x
082 _a004.22 HWA/A
100 _aHwang Kai
245 _aAdvanced computer architecture: Parallelism, scalability, programmability
260 _bTata McGraw Hill
_aNew Delhi
_c2000
300 _a770
650 _aCOMPUTER ARCHITECTURE
999 _c623
_d623